000 00725nam a2200253Ia 4500
003 OSt
005 20221005075155.0
006 a|||||r|||| 00| 0
007 ta
008 221004b |||||||| |||| 00| 0 urd d
020 _a9788180421006 (hbk)
_c200
024 _a17214
037 _b4349, 18/12/2014, Kitabi Duniya
_cTextual
040 _aCRL
_cCRL
_burd
041 _2urd
_aurd
082 _aU8x, 168P7
100 _aAhmad Qazi Mushtaq
245 0 _a8 safar namey
260 _aNew Delhi
_bModern Publishing House India
_c2007
300 _a176p.
_ccm.
650 _aTRAVEL
942 _hU8x, 168P7
_cTEXL
_2cc
999 _c983969
_d983969